Enciclopedia de las ciencias filosóficas / (Record no. 90720)
[ view plain ]
| 000 -LEADER | |
|---|---|
| campo de control de longitud fija | 01292cam a2200373Ia 4500 |
| 001 - NÚMERO DE CONTROL | |
| campo de control | 73722 |
| 005 - FECHA Y HORA DE LA ÚLTIMA TRANSACCIÓN | |
| campo de control | 20230410132940.0 |
| 008 - DATOS DE LONGITUD FIJA--INFORMACIÓN GENERAL | |
| campo de control de longitud fija | 040823s1999 sp 000 0 spa d |
| 035 ## - NÚMERO DE CONTROL DEL SISTEMA | |
| Número de control de sistema | (OCoLC)ocm56336085 |
| 040 ## - FUENTE DE CATALOGACIÓN | |
| Centro catalogador/agencia de origen | UNAMX |
| Lengua de catalogación | spa |
| Centro/agencia transcriptor | UNAMX |
| Centro/agencia modificador | OCLCQ |
| -- | PL# |
| -- | YDXCP |
| -- | BAKER |
| -- | ZZAND |
| -- | BNM |
| 020 ## - NÚMERO INTERNACIONAL ESTÁNDAR DEL LIBRO | |
| Número Internacional Estándar del Libro | 8420681938 |
| 020 ## - NÚMERO INTERNACIONAL ESTÁNDAR DEL LIBRO | |
| Número Internacional Estándar del Libro | 9788420681931 |
| 029 1# - OTRO NÚMERO DE CONTROL DE SISTEMA (OCLC) | |
| Identificador de la biblioteca OCLC | PL# |
| Número de control de sistema | 060019126 |
| 035 ## - NÚMERO DE CONTROL DEL SISTEMA | |
| Número de control de sistema | (OCoLC)56336085 |
| 050 14 - SIGNATURA TOPOGRÁFICA DE LA BIBLIOTECA DEL CONGRESO | |
| Número de clasificación | B 2918 |
| Número de ítem | H462e 1999 |
| 049 ## - FONDOS LOCALES (OCLC) | |
| Biblioteca depositaria | GRAL |
| 100 1# - ENTRADA PRINCIPAL--NOMBRE DE PERSONA | |
| Nombre de persona | Hegel, Georg Wilhelm Friedrich, |
| Fechas asociadas al nombre | 1770-1831. |
| 245 10 - MENCIÓN DEL TÍTULO | |
| Título | Enciclopedia de las ciencias filosóficas / |
| Mención de responsabilidad, etc. | G. W. F. Hegel ; [edición, introducción y notas de Ramón Valls Plana]. |
| 260 ## - PUBLICACIÓN, DISTRIBUCIÓN, ETC. | |
| Lugar de publicación, distribución, etc. | Madrid : |
| Nombre del editor, distribuidor, etc. | Alianza Editorial, |
| Fecha de publicación, distribución, etc. | 1999. |
| 300 ## - DESCRIPCIÓN FÍSICA | |
| Extensión | 630 p. |
| 440 #0 - MENCIÓN DE SERIE/PUNTO DE ACCESO ADICIONAL--TÍTULO | |
| Título | Filosofía y pensamiento. |
| Nombre de parte o sección de la obra | Ensayo |
| 500 ## - NOTA GENERAL | |
| Nota general | Traducción de : Encyklopaedie der philosophischen wissenschaften im grundrisse. |
| 650 #0 - PUNTO DE ACCESO ADICIONAL DE MATERIA--TÉRMINO DE MATERIA | |
| Término de materia o nombre geográfico como elemento de entrada | Philosophy. |
| 650 #7 - PUNTO DE ACCESO ADICIONAL DE MATERIA--TÉRMINO DE MATERIA | |
| Término de materia o nombre geográfico como elemento de entrada | Filosofía. |
| Fuente del encabezamiento o término | embne |
| 650 #4 - PUNTO DE ACCESO ADICIONAL DE MATERIA--TÉRMINO DE MATERIA | |
| Término de materia o nombre geográfico como elemento de entrada | CES |
| 650 #4 - PUNTO DE ACCESO ADICIONAL DE MATERIA--TÉRMINO DE MATERIA | |
| Término de materia o nombre geográfico como elemento de entrada | Colección Enriquillo Sánchez |
| 700 1# - ENTRADA AGREGADA--NOMBRE PERSONAL | |
| Nombre de persona | Valls Plana, Ramon, |
| Fechas asociadas al nombre | 1928- |
| 938 ## - | |
| -- | Puvill Libros |
| -- | PUVL |
| -- | 8420681938 |
| -- | $46.50 |
| 938 ## - | |
| -- | YBP Library Services |
| -- | YANK |
| -- | 2794647 |
| 938 ## - | |
| -- | Baker & Taylor |
| -- | BKTY |
| -- | 63.95 |
| -- | 63.95 |
| -- | 8420681938 |
| -- | 0007708443 |
| -- | active |
| 942 ## - ELEMENTOS DE ENTRADA SECUNDARIOS (KOHA) | |
| Fuente del sistema de clasificación o colocación | Clasificación de Library of Congress |
| Tipo de ítem Koha | |
| 946 ## - PROCESAMIENTO DE INFORMACIÓN LOCAL (OCLC) | |
| a | mjcruz |
| 994 ## - | |
| -- | C0 |
| -- | DRFGD |
| Estatus retirado | Estado de pérdida | Fuente del sistema de clasificación o colocación | Estado de daño | No para préstamo | Colección | Biblioteca de origen | Biblioteca actual | Ubicación en estantería | Fecha de adquisición | Signatura topográfica completa | Código de barras | Visto por última vez | Copia número | Tipo de ítem Koha |
|---|---|---|---|---|---|---|---|---|---|---|---|---|---|---|
| Clasificación de Library of Congress | Humanidades | Biblioteca Juan Bosch | Biblioteca Juan Bosch | Humanidades (4to. Piso) | 10/04/2023 | B 2918 H462e 1999 | 00000065467 | 17/11/2018 | 1 |
